00854nam a2200193 i 450000100060000000300090000600500170001500700030003200800410003510000430007624502150011926000480033430000330038270000320041571000420044785200320048999900170052195201220053874472ES-MaACL20251210143058.0t|040920s1972 sp ||||1| spa d1 aGonzález Menéndez, Eduardo.95880514aUna patología respiratoria de creciente interés b: las micosis pulmonares : discurso de ingreso en la Real Academia de Medicina / cEduardo González Menéndez, contestación Valentín Matilla Gómez. aOviedo : bAcademia de la Historia, c1972. a126 p., 11 lám. ; c24 cm.1 aMatilla, Valentín.9790750 aAcademia de Medicina c(Oviedo)91187 aES-MaACLjC-44465 bR.83364 c74472d74472 00104070aATENEOMbATENEOMcDEPO2d2008-01-17eSCl0oC-44465p1077957r2023-02-23 00:00:00w2023-02-23yMONOGRAFIA